[Event "Hamburg HSK Easter op"]
[Site "Hamburg"]
[Date "2024.03.30"]
[Round "3"]
[White "Malchereck, Romeo"]
[Black "Kellner, Anton"]
[Result "1/2-1/2"]
[WhiteElo "1812"]
[BlackElo "1690"]
[PlyCount "54"]
[EventDate "2024.03.29"]
[EventType "swiss"]
[EventRounds "7"]
[EventCountry "GER"]
[SourceTitle "CB18_2024"]
[SourceDate "2024.05.01"]
[SourceVersion "1"]
[SourceVersionDate "2024.05.01"]
[SourceQuality "2"]

1. e4 c5 2. Nf3 d6 3. Bb5+ Nd7 4. c4 a6 5. Ba4 g6 6. 0-0 Bg7 7. Nc3 Ngf6 8. d3 0-0 9. h3 Nb6 10. Bb3 e6 11. Bg5 Qe8 12. Re1 Bd7 13. e5 dxe5 14. Nxe5 Nc8 15. Ba4 Nb6 16. Bc2 Nc8 17. Na4 Bxa4 18. Bxa4 b5 19. Qf3 Nb6 20. Bxf6 Nxa4 21. Ng4 h5 22. Bxg7 Kxg7 23. Nf6 Qd8 24. Nxh5+ gxh5 25. Re5 Qf6 26. Qg3+ Kh6 27. Qe3+ Kg6 1/2-1/2

[Event "GER-chT U14"]
[Site "Kelheim"]
[Date "2022.12.29"]
[Round "6"]
[White "Kellner, Anton"]
[Black "Knuepfer, Johannes"]
[Result "1-0"]
[WhiteElo "1330"]
[BlackElo "1242"]
[PlyCount "93"]
[EventDate "2022.12.26"]
[EventType "team-swiss"]
[EventRounds "7"]
[EventCountry "GER"]
[SourceTitle "CBM 212 Extra"]
[Source "ChessBase"]
[SourceDate "2023.03.31"]
[SourceVersion "1"]
[SourceVersionDate "2023.03.31"]
[SourceQuality "1"]
[WhiteTeam "Hamburger SK"]
[BlackTeam "Halle USV"]
[WhiteTeamCountry "GER"]
[BlackTeamCountry "GER"]

1. d4 d5 2. c4 e6 3. Nc3 Nf6 4. Bg5 Nbd7 5. Nf3 Be7 6. e3 0-0 7. cxd5 exd5 8. Bd3 c6 9. 0-0 Re8 10. a3 h6 11. Bh4 Ne4 12. Bxe7 Qxe7 13. Nd2 Ndf6 14. Re1 Bf5 15. Qc2 Bh7 16. Ndxe4 Nxe4 17. f3 Nf6 18. Bxh7+ Nxh7 19. e4 Qd7 20. exd5 cxd5 21. Qb3 Nf6 22. Re5 Rad8 23. Rae1 Rxe5 24. Rxe5 b6 25. Qb4 Re8 26. Kf2 Rxe5 27. dxe5 Ne8 28. Qd4 Nc7 29. f4 Qc6 30. Ke3 Kf8 31. Qb4+ Qc5+ 32. Qd4 Ke7 33. f5 Kd7 34. Kd3 Kc6 35. Qg4 Kb7 36. b4 Qf2 37. e6 Qf1+ 38. Kc2 d4 39. Qe4+ Kc8 40. exf7 d3+ 41. Qxd3 Qf2+ 42. Kb3 Ne6 43. Qc4+ Nc5+ 44. bxc5 Qxf5 45. cxb6+ Kd7 46. Qc7+ Ke6 47. Qc8+ 1-0

[Event "GER-chT U14"]
[Site "Kelheim"]
[Date "2022.12.28"]
[Round "4"]
[White "Goldkuhle, Collin"]
[Black "Kellner, Anton"]
[Result "1-0"]
[WhiteElo "1464"]
[BlackElo "1330"]
[PlyCount "99"]
[EventDate "2022.12.26"]
[EventType "team-swiss"]
[EventRounds "7"]
[EventCountry "GER"]
[SourceTitle "CBM 212 Extra"]
[Source "ChessBase"]
[SourceDate "2023.03.31"]
[SourceVersion "1"]
[SourceVersionDate "2023.03.31"]
[SourceQuality "1"]
[WhiteTeam "Essen Katernberg"]
[BlackTeam "Hamburger SK"]
[WhiteTeamCountry "GER"]
[BlackTeamCountry "GER"]

1. e4 c5 2. Nc3 e6 3. f4 Nc6 4. Bb5 Nge7 5. Nf3 g6 6. 0-0 Bg7 7. Qe1 0-0 8. Bxc6 bxc6 9. d3 d5 10. Qh4 Ba6 11. e5 Nf5 12. Qf2 d4 13. Ne4 c4 14. dxc4 Bxc4 15. Rd1 Bd5 16. Nc5 Bxf3 17. Qxf3 Qd5 18. Qxd5 cxd5 19. b3 Rfc8 20. Ba3 Bf8 21. b4 Ne3 22. Rd2 a5 23. Nd7 Rxc2 24. Bc1 axb4 25. Nxf8 Kxf8 26. Rxd4 Nc4 27. a3 b3 28. Rb1 b2 29. Rxc4 Rxc4 30. Bxb2 Rb8 31. a4 Rcb4 32. Ba3 Kg7 33. Rxb4 Ra8 34. Bb2 Kh6 35. Kf2 Kh5 36. g3 Kg4 37. Kg2 Rc8 38. h3+ Kh5 39. g4+ Kh4 40. Bd4 Rc2+ 41. Bf2+ Rxf2+ 42. Kxf2 Kxh3 43. Kf3 h5 44. gxh5 gxh5 45. a5 Kh2 46. a6 h4 47. a7 d4 48. a8Q h3 49. Qa2+ Kg1 50. Rb1# 1-0

[Event "GER-chT U14"]
[Site "Kelheim"]
[Date "2022.12.27"]
[Round "2"]
[White "Schulz, Jonas"]
[Black "Kellner, Anton"]
[Result "0-1"]
[WhiteElo "1350"]
[BlackElo "1330"]
[PlyCount "64"]
[EventDate "2022.12.26"]
[EventType "team-swiss"]
[EventRounds "7"]
[EventCountry "GER"]
[SourceTitle "CBM 212 Extra"]
[Source "ChessBase"]
[SourceDate "2023.03.31"]
[SourceVersion "1"]
[SourceVersionDate "2023.03.31"]
[SourceQuality "1"]
[WhiteTeam "Karlsruhe"]
[BlackTeam "Hamburger SK"]
[WhiteTeamCountry "GER"]
[BlackTeamCountry "GER"]

1. e4 c5 2. c3 Nc6 3. d4 e6 4. Nf3 d5 5. e5 c4 6. Bf4 b5 7. a3 a5 8. Nbd2 Bd7 9. Be2 Nge7 10. 0-0 Ng6 11. Bg3 Be7 12. Qc2 0-0 13. Rfb1 b4 14. axb4 axb4 15. Qd1 Qc7 16. h3 Rfb8 17. Nh2 bxc3 18. bxc3 Na7 19. Ng4 Nb5 20. Nf6+ gxf6 21. exf6 Bd6 22. Bxd6 Qxd6 23. Qc1 Nf4 24. Kf1 e5 25. Nf3 exd4 26. Nxd4 Nxd4 27. cxd4 Qxf6 28. Qd2 Rxb1+ 29. Rxb1 Qg6 30. g3 Qxb1+ 31. Bd1 Qd3+ 32. Qxd3 Nxd3 0-1

[Event "Blankenese op 3rd"]
[Site "Hamburg"]
[Date "2019.10.05"]
[Round "6"]
[White "Reinecke, Gerd"]
[Black "Kellner, Anton"]
[Result "1-0"]
[WhiteElo "1402"]
[BlackElo "1186"]
[PlyCount "91"]
[EventDate "2019.10.03"]
[EventType "swiss"]
[EventRounds "7"]
[EventCountry "GER"]
[SourceTitle "EXT 2023"]
[Source "ChessBase"]
[SourceDate "2022.10.05"]
[SourceVersion "1"]
[SourceVersionDate "2022.10.05"]
[SourceQuality "1"]

1. e4 c5 2. d4 cxd4 3. c3 dxc3 4. Nxc3 Nc6 5. Nf3 e5 6. Bc4 Be7 7. 0-0 Nf6 8. Qe2 0-0 9. Rd1 b6 10. Nd5 d6 11. Nxe7+ Qxe7 12. Bg5 Bb7 13. Rac1 Rac8 14. Qe3 Rfd8 15. Bd5 Na5 16. Bxb7 Nxb7 17. b4 h6 18. Bxf6 Qxf6 19. h3 Qe6 20. a3 Rxc1 21. Rxc1 Rc8 22. Nh2 Rxc1+ 23. Qxc1 d5 24. Qc7 Nd6 25. exd5 Qxd5 26. Ng4 Qd1+ 27. Kh2 f6 28. Qxa7 Nb5 29. Qxb6 Nxa3 30. Qb8+ Kh7 31. Nxf6+ gxf6 32. Qa7+ Kg6 33. Qxa3 Qd6 34. Qg3+ Kf7 35. b5 Qc5 36. Qb3+ Kg7 37. f3 Qb6 38. Qb4 Kg6 39. Qg4+ Kf7 40. Qd7+ Kg6 41. Qe8+ Kg7 42. Qc6 Qb8 43. b6 e4+ 44. Qc7+ Qxc7+ 45. bxc7 e3 46. c8Q 1-0

[Event "Blankenese op 3rd"]
[Site "Hamburg"]
[Date "2019.10.04"]
[Round "4"]
[White "Kellner, Anton"]
[Black "Carstensen, Claas"]
[Result "0-1"]
[WhiteElo "1186"]
[BlackElo "1563"]
[PlyCount "86"]
[EventDate "2019.10.03"]
[EventType "swiss"]
[EventRounds "7"]
[EventCountry "GER"]
[SourceTitle "EXT 2023"]
[Source "ChessBase"]
[SourceDate "2022.10.05"]
[SourceVersion "1"]
[SourceVersionDate "2022.10.05"]
[SourceQuality "1"]

1. d4 d5 2. c4 e6 3. Nc3 Nf6 4. Nf3 c5 5. Bg5 h6 6. Bh4 Nbd7 7. e3 Be7 8. Bd3 0-0 9. 0-0 Qb6 10. Qd2 Re8 11. Rac1 a6 12. Bg3 Nh5 13. Bb1 Nxg3 14. fxg3 Nf6 15. b3 Bd7 16. Ne5 Rad8 17. Qc2 cxd4 18. Nxd7 Rxd7 19. Na4 Qa7 20. exd4 Qxd4+ 21. Qf2 Qxf2+ 22. Rxf2 b5 23. cxb5 axb5 24. Nc3 Bc5 25. Nxb5 Bxf2+ 26. Kxf2 Ne4+ 27. Kg1 Nd6 28. Nd4 e5 29. Nf3 e4 30. Nd4 Rc8 31. Rxc8+ Nxc8 32. a4 e3 33. Kf1 Kf8 34. Nf5 d4 35. Bd3 Ne7 36. Nxe7 Kxe7 37. Ke2 g5 38. Kd1 Rc7 39. Ke2 Kd6 40. Kf3 Rc3 41. Bc4 f5 42. a5 Rc2 43. a6 Rf2# 0-1

[Event "Blankenese op 3rd"]
[Site "Hamburg"]
[Date "2019.10.03"]
[Round "1"]
[White "Kellner, Anton"]
[Black "Schwarzkopf, Joerg"]
[Result "0-1"]
[WhiteElo "1186"]
[BlackElo "1815"]
[PlyCount "36"]
[EventDate "2019.10.03"]
[EventType "swiss"]
[EventRounds "7"]
[EventCountry "GER"]
[SourceTitle "EXT 2023"]
[Source "ChessBase"]
[SourceDate "2022.10.05"]
[SourceVersion "1"]
[SourceVersionDate "2022.10.05"]
[SourceQuality "1"]

1. d4 Nf6 2. c4 c5 3. d5 e6 4. dxe6 fxe6 5. Nf3 d5 6. Bg5 Be7 7. e3 Nc6 8. Nc3 0-0 9. Bd3 d4 10. exd4 cxd4 11. Ne2 e5 12. Qc2 Nb4 13. Bxh7+ Nxh7 14. Bxe7 Nxc2+ 15. Kd2 Qxe7 16. Kxc2 Bf5+ 17. Kd2 Qb4+ 18. Kd1 Qxb2 0-1